000 00616nam a2200229Ia 4500
003 OSt
005 20220928101548.0
006 a|||||r|||| 00| 0
007 ta
008 220927b |||||||| |||| 00| 0 eng d
024 _a113393
037 _cTextual
040 _aSDCL
_cSDCL
_beng
041 _2eng
_aeng
082 _aO152,1N00:g(R), L9
100 _aRamesh Kiran
_9391669
245 0 _aPant ke kavya mein darshnikta.
260 _aPatna
_bGranth Kuteer Prakashan
_c1979
300 _a184
_ccm.
942 _hO152,1N00:g(R), L9
_cTEXL
_2CC
999 _c707519
_d707519